000 00425nam a22001577a 4500
003 MACL
005 20241019133653.0
008 241019b |||||||| |||| 00| 0 eng d
040 _cMACL
082 _a370
_bEducation
100 _aKarwa, Dr. Arpita
_982562
245 _aNTA UGC NET SET JRF GENERAL PAPER 1 TEACHING AND RESEARCH APTITUDE
260 _bMC Graw Hill
_c2024
_achennai
650 _aEDUCATION
942 _2ddc
_cBK
999 _c67133
_d67133